A honvédség az 1848. évi sajtó és irodalom tükrében

Elmentve itt :
Bibliográfiai részletek
Szerző: Kemény G. Gábor
Dokumentumtípus: Cikk
Megjelent: 1948
Sorozat:Honvéd : katonai folyóirat 3 No. 8-9
Kulcsszavak:Hadtudomány
Online Access:http://misc.bibl.u-szeged.hu/14401
LEADER 00594nab a2200169 i 4500
001 misc14401
005 20191106141803.0
008 170607s1948 hu o 0|| hun d
040 |a SZTE Miscellanea Repozitórium  |b hun 
041 |a hun 
100 2 |a Kemény G. Gábor 
245 1 2 |a A honvédség az 1848. évi sajtó és irodalom tükrében  |h [elektronikus dokumentum] /  |c  Kemény G. Gábor 
260 |c 1948 
300 |a 71-75 
490 0 |a Honvéd : katonai folyóirat  |v 3 No. 8-9 
695 |a Hadtudomány 
856 4 0 |u http://misc.bibl.u-szeged.hu/14401/1/honved_003_008_009_071-075.pdf  |z Dokumentum-elérés